书目信息 |
| 题名: |
现代文秘工作实务
|
|
| 作者: | 王萍 , 张卫东 编著 | |
| 分册: | ||
| 出版信息: | 北京 机械工业出版社 2007 |
|
| 页数: | 253页 | |
| 开本: | 26cm | |
| 丛书名: | ||
| 单 册: | ||
| 中图分类: | C931.4 | |
| 科图分类: | ||
| 主题词: | 秘书学 | |
| 电子资源: | ||
| ISBN: | 978-7-111-20986-7 | |
| 000 | 00739nam0 2200241 45 | |
| 001 | 1029975027 | |
| 005 | 20100428143259.82 | |
| 010 | @a978-7-111-20986-7@dCNY30.00 | |
| 100 | @a20100420d2007 em y0chiy0120 ea | |
| 101 | 0 | @achi |
| 102 | @aCN@b110000 | |
| 105 | @ay z 000yy | |
| 106 | @ar | |
| 200 | 1 | @a现代文秘工作实务@AXian Dai Wen Mi Gong Zuo Shi Wu@f王萍,张卫东编著@FWang Ping, Zhang Wei Dong Bian Zhu |
| 210 | @a北京@c机械工业出版社@d2007 | |
| 215 | @a253页@d26cm | |
| 330 | @a本书用大量专栏将秘书工作的方法和技巧阐述清楚。 | |
| 606 | 0 | @a秘书学 |
| 690 | @aC931.4@v4 | |
| 701 | 0 | @a王萍@AWang Ping@4编著 |
| 701 | 0 | @a张卫东@AZhang Wei Dong@4编著 |
| 801 | 0 | @aCN@bTANGWEI@c20100428 |
| 905 | @b0595151-55@dC931.4@e428@f5 | |
| 现代文秘工作实务/王萍,张卫东编著.-北京:机械工业出版社,2007 |
| 253页;26cm |
| ISBN 978-7-111-20986-7:CNY30.00 |
| 本书用大量专栏将秘书工作的方法和技巧阐述清楚。 |
| ● |
| 相关链接 |
|
|
|
|
正题名:现代文秘工作实务
索取号:C931.4/428
 
预约/预借
| 序号 | 登录号 | 条形码 | 馆藏地/架位号 | 状态 | 备注 |
| 1 | 0595151 | 205951512 | 第一样本阅览室/ [索取号:C931.4/428] | 在馆 | |
| 2 | 0595152 | 205951521 | 第一借阅区/ [索取号:C931.4/428] | 在馆 | |
| 3 | 0595153 | 205951530 | 第一借阅区/ [索取号:C931.4/428] | 在馆 | |
| 4 | 0595154 | 205951549 | 第一借阅区/ [索取号:C931.4/428] | 在馆 | |
| 5 | 0595155 | 205951558 | 第一借阅区/ [索取号:C931.4/428] | 在馆 |